Rous v Mitchell (Record no. 27122)

MARC details
000 -LEADER
fixed length control field 01544cab a2200205 4500
001 - CONTROL NUMBER
control field ABS43530
008 - FIXED-LENGTH DATA ELEMENTS--GENERAL INFORMATION
fixed length control field 090401t1990 xxu||||| |||| 00| 0 eng d
035 ## - SYSTEM CONTROL NUMBER
System control number (Sirsi) u42227
041 ## - LANGUAGE CODE
Language code of text/sound track or separate title eng
245 ## - TITLE STATEMENT
Title Rous v Mitchell
260 ## - PUBLICATION, DISTRIBUTION, ETC.
Date of publication, distribution, etc. 1990
350 ## - PRICE (NR) (BK AM CF MU VM SE) [OBSOLETE]
Price 0
490 ## - SERIES STATEMENT
Series statement New Law Journal
Volume/sequential designation (1990) NLJ 1386-1387(2)
520 ## - SUMMARY, ETC.
Summary, etc. CA 31 July 1990. The plaintiff, X. was freehold owner of an estate which included two farms let to Y in 1953. The tenancy of the farms, which included a number of cottages , was subject to a covenant preventing assignment or underletting other than to workmen on the farms. In July 1980 X served notice to quit on Y under Agricultural Holdings Act 1986 s26 alleging breach of covenant . Under Sched 3 Case E a landlord of an agricultural holding was entitled to possession if at the date of the giving of notice the landlords` interest in the holding had been materially prejudiced by a breach of covenant by the tenant which was not capable of being remedied. Y instead of claiming arbitration under Agricultural Holdings (Arbitration on Notice) Order 1987 for the resolution of a Case E despute, served a counternotice requiring the notice to be referred to an agricultural lands tribunal . X served a writ claiming a declaration that in the absence of a counternotice requiring arbitration the t
650 ## - SUBJECT ADDED ENTRY--TOPICAL TERM
Topical term or geographic name entry element PROPERTY-LANDLORD AND TENANT-TENANCIES-AGRICULTURAL TENANCIES
650 ## - SUBJECT ADDED ENTRY--TOPICAL TERM
Topical term or geographic name entry element TIED COTTAGES
690 ## - LOCAL SUBJECT ADDED ENTRY--TOPICAL TERM (OCLC, RLIN)
Topical term or geographic name as entry element LANDLORD AND TENANT-CASE LAW-AGRICULTURAL TENANCIES
942 ## - ADDED ENTRY ELEMENTS (KOHA)
Suppress in OPAC 0
948 ## - LOCAL PROCESSING INFORMATION (OCLC); SERIES PART DESIGNATOR (RLIN)
c (OCLC) 04/03/1997
Holdings
Withdrawn status Lost status Source of classification or shelving scheme Damaged status Not for loan Home library Current library Shelving location Date acquired Total Checkouts Full call number Barcode Date last seen Copy number Price effective from Koha item type
    Dewey Decimal Classification     London London Journal article 14/09/1999   ABS43530 42227-1001 06/08/2019 1 06/08/2019 Law report